| 000 | 00650nac a2200217 a 4500 | ||
|---|---|---|---|
| 003 | Co-PeBPM | ||
| 005 | 20241030165907.0 | ||
| 008 | 241030e2023 |||||||| |||| 00| 0 spa d | ||
| 020 | _a9789584986672 | ||
| 040 |
_aCo-PeBPM _bspa _cCo-PeBPM _erda |
||
| 082 | 0 | 4 | _a863.7 M67c |
| 100 | 1 | _aMoreno Palacios, Wilson | |
| 245 | 1 | 0 |
_aLas cenicientas de ébano _c/ Wilson Moreno Palacios. |
| 250 | _aPrimera edición | ||
| 260 |
_aBogotá, Colombia _b: Editorial planeta _c, 2023 |
||
| 300 |
_a153 páginas _c; 21 centímetros |
||
| 650 | 1 | 4 |
_2LEMB _aNovela colombiana _ySiglo XXI |
| 650 | 1 | 4 |
_2LEMB _aNovela |
| 650 | 1 | 4 |
_2LEMB _aRacismo |
| 942 |
_2ddc _cBK _n0 |
||
| 999 |
_c60106 _d60106 |
||